EL arte negro

I tiakina i:
Ngā taipitopito rārangi puna kōrero
Kaituhi matua: Olderogge, Dmitrij A. (autor)
Hōputu: Pukapuka
Reo:Pāniora
I whakaputaina: Ciudad de México Fondo de Cultura Económica 1969
Ngā marau:
Ngā Tūtohu: Tāpirihia he Tūtohu
Kāore He Tūtohu, Me noho koe te mea tuatahi ki te tūtohu i tēnei pūkete!

MARC

LEADER 00000nam a2200000 a 4500
001 UCO4554
003 CL-VaPUC
008 000804e19690000MX |||||||||||||||||spa|d
082 0 4 |a 709.6  |b OLD  |2 21 
100 |a Olderogge, Dmitrij A.  |e autor  |9 449110 
245 1 3 |a EL arte negro 
300 |a 168 p 
942 |c BK 
945 |d 20000804 00:00:00  |a crobeson 
260 |a Ciudad de México  |b Fondo de Cultura Económica  |c 1969 
650 0 |a Arte africano  |9 330415 
650 7 |a ESCULTURA AFRICANA  |2 CL-VaPUC  |9 449111 
650 0 |a Arte religioso  |9 330545 
650 7 |a CULTURA AFRICANA  |2 CL-VaPUC  |9 445337 
583 |a last modification  |c 20000804 00:00:00  |k Rodrigo Vera 
999 |c 290584  |d 290582 
952 |0 0  |1 0  |4 0  |6 709_600000000000000_OLD_1969  |7 0  |8 R  |9 340099  |a BIBART  |b BIBART  |d 2019-11-20  |i 121411K  |l 2  |o 709.6 OLD 1969  |p 121411K  |r 2025-03-13  |s 2022-06-22  |w 2019-11-20  |y BK_R  |k ART